| 000 -LEADER |
| fixed length control field |
00465nam a22001817a 4500 |
| 008 - FIXED-LENGTH DATA ELEMENTS--GENERAL INFORMATION |
| fixed length control field |
151015b xxu||||| |||| 00| 0 eng d |
| 020 ## - INTERNATIONAL STANDARD BOOK NUMBER |
| International Standard Book Number |
0470038152 |
| 041 0# - LANGUAGE CODE |
| Language code of text/sound track or separate title |
eng |
| 080 ## - UNIVERSAL DECIMAL CLASSIFICATION NUMBER |
| Universal Decimal Classification number |
658.15 |
| 100 1# - Rafti |
| Rafti |
Jiambalvo, James, |
| 245 10 - TITLE STATEMENT |
| Title |
Managerial accounting / |
| Statement of responsibility, etc |
James Jiambalvo. |
| 250 ## - |
| -- |
3rd ed. |
| 260 ## - |
| -- |
Hoboken, NJ : |
| -- |
Wiley, |
| -- |
2007. |
| 300 ## - |
| -- |
xxx, 594 f. : |
| -- |
me il.; |
| -- |
27 cm. |
| 650 #0 - |
| -- |
Kontabilitet |
| 650 #0 - |
| -- |
Menaxherial |
| 942 ## - ADDED ENTRY ELEMENTS (KOHA) |
| Source of classification or shelving scheme |
|
| Item type |
Books |